| 000 | 00962nas a2200301 4500 | ||
|---|---|---|---|
| 001 | BR2013009840 | ||
| 003 | BR-BrBNA | ||
| 005 | 20231205123328.0 | ||
| 007 | ta | ||
| 008 | 230509b bl.|||p| |||| 00| 00por d | ||
| 040 |
_aBR-BrBNA _bpor _cBiblioteca Nacional de Agricultura |
||
| 041 | _a(Pt) | ||
| 072 | _aP33; F04 | ||
| 100 | 1 | _aNobre, F.G. | |
| 100 | 1 | _aSoares, L.A. dos A. | |
| 100 | 1 | _aGheyi, H.R. | |
| 100 | 1 | _aLima, G.S. de | |
| 100 | 1 | _aLourenço, G. da S. | |
| 100 | 1 | _aSoares, S. da S. | |
| 245 | 1 | _aAcúmulo de NPK e sódio na mamoneira sob estresse salino e adubação nitrogenada | |
| 650 | _aRICINUS COMMUNIS | ||
| 650 | _aNUTRIÇÃO VEGETAL | ||
| 650 | _aCONDUTIVIDADE ELÉTRICA | ||
| 650 | _aQUÍMICA DO SOLO | ||
| 773 | 0 |
_tRevista Brasileira de Engenharia Agrícola e Ambiental (Brazil) _xISSN 1415-4366 _g(Oct 2013), v. 17(10) p. 1066-1073 _wBR2013009840 |
|
| 909 |
_a202311 _bLúcia _c55 _dLúcia Elande |
||
| 942 |
_2AGRIS _n0 _cANA |
||
| 999 |
_c233348 _d233348 |
||